[Event "Bucharest Revolution Memorial"]
[Site "Bucharest"]
[Date "2003.12.??"]
[Round "?"]
[White "Olteanu, Florentin"]
[Black "Onut, Simeon"]
[Result "0-1"]
[WhiteElo "2208"]
[BlackElo "2171"]
[PlyCount "128"]
[EventDate "2003.12.??"]
[EventType "swiss"]
[EventRounds "7"]
[EventCountry "ROU"]
[SourceTitle "EXT 2008"]
[Source "ChessBase"]
[SourceDate "2007.11.25"]
[SourceVersion "1"]
[SourceVersionDate "2007.11.25"]
[SourceQuality "1"]

1. d4 Nf6 2. c4 g6 3. Nc3 d5 4. Nf3 Bg7 5. Bg5 c6 6. cxd5 Nxd5 7. e4 Nxc3 8. bxc3 0-0 9. Be2 c5 10. e5 Nc6 11. 0-0 cxd4 12. cxd4 Bg4 13. Be3 Qd5 14. h3 Bf5 15. Qa4 Be4 16. Nd2 Bf5 17. Bf3 Qd7 18. Bxc6 Qxc6 19. Qxc6 bxc6 20. Rfc1 Rfc8 21. Nb3 Be6 22. Nc5 Bd5 23. Na6 f6 24. f4 Kf7 25. a4 g5 26. g3 gxf4 27. Bxf4 fxe5 28. dxe5 Ke6 29. Rab1 Kf5 30. Rb7 Bf8 31. e6 c5 32. Rb5 Bg7 33. Nc7 Bd4+ 34. Kf1 Be4 35. Rbxc5+ Bxc5 36. Rxc5+ Kf6 37. Bg5+ Kg6 38. Bxe7 Rab8 39. Kf2 Rb3 40. Rg5+ Kh6 41. Rg4 Rxc7 42. Bf8+ Kh5 43. Rxe4 Rc2+ 44. Re2 Rxe2+ 45. Kxe2 Kg6 46. Bc5 a6 47. Bd6 Rb6 48. e7 Kf7 49. Bc5 Rb2+ 50. Kf3 Ra2 51. g4 Rxa4 52. h4 Rc4 53. Bd6 a5 54. h5 Rc6 55. Be5 Kxe7 56. g5 Ke6 57. Bd4 Kf5 58. g6 Rc7 59. Bb6 Rc3+ 60. Kg2 Rc2+ 61. Kg3 hxg6 62. h6 Rc4 63. Bxa5 Rh4 64. Bd2 g5 0-1

[Event "Bucharest Revolution Memorial"]
[Site "Bucharest"]
[Date "2002.12.??"]
[Round "?"]
[White "Olteanu, Florentin"]
[Black "Miron, Lucian Costin"]
[Result "1/2-1/2"]
[WhiteElo "2242"]
[BlackElo "2082"]
[PlyCount "106"]
[EventDate "2002.12.??"]
[EventType "swiss"]
[EventRounds "7"]
[EventCountry "ROU"]
[SourceTitle "EXT 2008"]
[Source "ChessBase"]
[SourceDate "2007.11.25"]
[SourceVersion "1"]
[SourceVersionDate "2007.11.25"]
[SourceQuality "1"]

1. g3 c5 2. Bg2 Nc6 3. Nf3 g6 4. 0-0 Bg7 5. c3 e5 6. d3 Nge7 7. e4 0-0 8. Bg5 d6 9. Qd2 f6 10. Be3 b6 11. Na3 d5 12. exd5 Nxd5 13. Bh6 Be6 14. Bxg7 Kxg7 15. Rfe1 Bg4 16. h3 Bxf3 17. Bxf3 Qd7 18. Bg2 Rad8 19. Rad1 Rfe8 20. Nc2 Nc7 21. Ne3 Re6 22. Ng4 Rd6 23. Qh6+ Kg8 24. f4 exf4 25. Qxf4 f5 26. Qc4+ Kf8 27. Bxc6 Qxc6 28. Ne5 Qd5 29. Qf4 Kg8 30. c4 Qd4+ 31. Qxd4 cxd4 32. g4 fxg4 33. hxg4 Re6 34. Nf3 Rf6 35. Kg2 Ne6 36. Re4 Rdf8 37. Nxd4 Rf2+ 38. Kg1 Nxd4 39. Rxd4 Rxb2 40. Rf1 Rxf1+ 41. Kxf1 Rxa2 42. Rd7 h5 43. gxh5 gxh5 44. d4 h4 45. c5 h3 46. Kg1 bxc5 47. dxc5 Kf8 48. c6 Ke8 49. Rd3 h2+ 50. Kh1 Ke7 51. Rd7+ Ke6 52. Rd8 Rc2 53. Ra8 Rxc6 1/2-1/2

[Event "Bucharest Astral op"]
[Site "Bucharest"]
[Date "2001.04.23"]
[Round "2"]
[White "Olteanu, Florentin"]
[Black "Danilov, Vladimir"]
[Result "1/2-1/2"]
[WhiteElo "2153"]
[BlackElo "2352"]
[PlyCount "89"]
[EventDate "2001.04.22"]
[EventType "swiss"]
[EventRounds "9"]
[EventCountry "ROU"]
[SourceTitle "CBM 082 Extra"]
[Source "ChessBase"]
[SourceDate "2001.07.03"]
[SourceVersion "1"]
[SourceVersionDate "2001.07.03"]
[SourceQuality "1"]

1. d4 Nf6 2. c4 c5 3. d5 b5 4. cxb5 a6 5. bxa6 g6 6. Nc3 Bxa6 7. e4 Bxf1 8. Kxf1 d6 9. g3 Bg7 10. Kg2 0-0 11. Nf3 Nbd7 12. h3 Qb6 13. Qc2 Rfb8 14. Rb1 Ne8 15. Bd2 Nc7 16. b3 Qa6 17. a4 Rb6 18. Rhd1 Qb7 19. Be1 Rb8 20. Nd2 Bxc3 21. Qxc3 f5 22. f3 fxe4 23. fxe4 Ne5 24. g4 Rb4 25. Bg3 Nxd5 26. exd5 Qxd5+ 27. Nf3 Qxf3+ 28. Qxf3 Nxf3 29. Kxf3 Rxb3+ 30. Rxb3 Rxb3+ 31. Kg2 Ra3 32. Re1 Kf7 33. Re4 e5 34. Bxe5 dxe5 35. Rxe5 c4 36. a5 c3 37. Rc5 Ke6 38. a6 Kd6 39. Rc8 Ke5 40. a7 Rxa7 41. Rxc3 Kf4 42. Rf3+ Ke4 43. Rf2 Rd7 44. Kg3 Rd3+ 45. Kg2 1/2-1/2